00485 2200169 4500245003800000020002200038250001100060100002000071650001600091005001900107260004200126041001400168084000800182300002200190500009400212336000900306 a9 NovembercHoover, ColleenhText a978-602-03-3551-3 aCet. 1 aHoover, Colleen aNovel Fiksi a20231005090151 aJakartabGramedia Pustaka Utamac2016 aIndonesia a813 a416 hlm. :c20 cm asemua dimulai pada 9 november, pertemuan pertama fallon o' neil dan benton james kessler. atext